<?xml version="1.0" encoding="UTF-8"?>
<record
    xmlns:xsi="http://www.w3.org/2001/XMLSchema-instance"
    xsi:schemaLocation="http://www.loc.gov/MARC21/slim http://www.loc.gov/standards/marcxml/schema/MARC21slim.xsd"
    xmlns="http://www.loc.gov/MARC21/slim">

  <leader>00634nam a22001817a 4500</leader>
  <datafield tag="999" ind1=" " ind2=" ">
    <subfield code="c">184234</subfield>
    <subfield code="d">184234</subfield>
  </datafield>
  <controlfield tag="005">20220117100922.0</controlfield>
  <datafield tag="010" ind1=" " ind2=" ">
    <subfield code="a">ENG-131155</subfield>
  </datafield>
  <datafield tag="020" ind1=" " ind2=" ">
    <subfield code="a">978-1-942426-53-0</subfield>
    <subfield code="c">149.00</subfield>
  </datafield>
  <datafield tag="035" ind1=" " ind2=" ">
    <subfield code="a">EN-114687</subfield>
  </datafield>
  <datafield tag="037" ind1=" " ind2=" ">
    <subfield code="b">DBAD</subfield>
  </datafield>
  <datafield tag="082" ind1=" " ind2=" ">
    <subfield code="a">303.6095452</subfield>
  </datafield>
  <datafield tag="100" ind1=" " ind2=" ">
    <subfield code="a">Tiwari, Shubham</subfield>
  </datafield>
  <datafield tag="245" ind1=" " ind2=" ">
    <subfield code="a">Political Killings in Mamata's Bengal:</subfield>
    <subfield code="c">Shubham Tiwari, Shivam Raghuwanshi</subfield>
    <subfield code="b">A white Paper on Violence Against the Opposition/</subfield>
  </datafield>
  <datafield tag="260" ind1=" " ind2=" ">
    <subfield code="a">Gurugram</subfield>
    <subfield code="b">Garuda Prakashan Private Limited</subfield>
    <subfield code="c">2021</subfield>
  </datafield>
  <datafield tag="270" ind1=" " ind2=" ">
    <subfield code="b">Chennai</subfield>
  </datafield>
  <datafield tag="300" ind1=" " ind2=" ">
    <subfield code="a">xix, 108.p.</subfield>
    <subfield code="c">20cm(pbk)</subfield>
    <subfield code="b">Findings, Recommendations, References</subfield>
  </datafield>
  <datafield tag="942" ind1=" " ind2=" ">
    <subfield code="2">ddc</subfield>
    <subfield code="c">EN</subfield>
    <subfield code="h">303.6095452</subfield>
    <subfield code="m">TIW</subfield>
  </datafield>
  <datafield tag="952" ind1=" " ind2=" ">
    <subfield code="0">0</subfield>
    <subfield code="1">0</subfield>
    <subfield code="4">0</subfield>
    <subfield code="7">0</subfield>
    <subfield code="8">NFIC</subfield>
    <subfield code="a">BL1</subfield>
    <subfield code="b">BL1</subfield>
    <subfield code="d">2022-01-17</subfield>
    <subfield code="e">DBAD/PUB</subfield>
    <subfield code="g">149.00</subfield>
    <subfield code="l">1</subfield>
    <subfield code="o">303.6095452 TIW</subfield>
    <subfield code="p">EN-114687</subfield>
    <subfield code="r">2023-03-03 00:00:00</subfield>
    <subfield code="s">2023-02-21</subfield>
    <subfield code="t">1</subfield>
    <subfield code="v">149.00</subfield>
    <subfield code="y">EN</subfield>
  </datafield>
</record>
